| 000 | 00000nam 22000008a 4500 |
| 001 | 9.835423 |
| 003 | CaOODSP |
| 005 | 20221107150648 |
| 007 | cr ||||||||||| |
| 008 | 170419s2017 onc|||||o f00| 0 eng d |
| 020 | |a978-0-660-08348-3 |
| 040 | |aCaOODSP|beng |
| 043 | |an-cn--- |
| 086 | 1 |aMR4-59/2017E-PDF |
| 245 | 00|aMulti-stakeholder antimicrobial stewardship expert forum |h[electronic resource] : |bCanadian Institutes of Health Research and Merck Canada, November 17-18, 2016, Toronto, Canada, workshop report. |
| 260 | |aOttawa : |bCanadian Institutes of Health Research, |cc2017. |
| 300 | |a21 p. |
| 500 | |aCover title. |
| 500 | |aIssued also in French under title: Forum d'experts multipartite sur la gestion des antimicrobiens : Instituts de recherche en santé du Canada et Merck Canada, le 17 et 18 novembre, 2016, Toronto, Canada, rapport d'atelier. |
| 692 | 07|2gccst|aBacteriology |
| 710 | 2 |aCanadian Institutes of Health Research. |
| 775 | 08|tForum d’experts multipartite sur la gestion des antimicrobiens |w(CaOODSP)9.835425 |
| 856 | 40|qPDF|s456 KB|uhttps://publications.gc.ca/collections/collection_2017/irsc-cihr/MR4-59-2017-eng.pdf |